Normal view
MARC view
Entry Topical Term
001 - CONTROL NUMBER
- control field: 4765
003 - CONTROL NUMBER IDENTIFIER
- control field: BD-RjUL
005 - DATE AND TIME OF LATEST TRANSACTION
- control field: 20220913135507.0
008 - FIXED-LENGTH DATA ELEMENTS
- fixed length control field: 220913|| aca||aabn | a|a d
040 ## - CATALOGING SOURCE
- Original cataloging agency: BD-RjUL
- Transcribing agency: BD-RjUL
150 ## - HEADING--TOPICAL TERM
- Topical term or geographic name entry element: Vedic literature History and criticism
670 ## - SOURCE DATA FOUND
- Source citation: Work cat.: (BD-RjUL)80343: जोशी, तर्कतीर्थ लक्ष्मणशास्त्री ## Joshi, Tarkatirtha Laxmanshastri 4763, वैदिक संस्कृति का विकास ## Vaidik Sankriti ka Vikas /